LIBRARY & INFORMATION CENTRE, KCAET, TAVANUR

ONLINE PUBLIC ACCESS CATALOGUE (OPAC)

Wastelands developments and their utilisations / (Record no. 2680)

MARC details
000 -LEADER
fixed length control field 00473cam a2200169ua 4500
020 ## - INTERNATIONAL STANDARD BOOK NUMBER
ISBN 81 85046 80 8
041 ## - LANGUAGE CODE
Language code of text/sound track or separate title eng
082 ## - DEWEY DECIMAL CLASSIFICATION NUMBER
Classification number 631.5861
Item number SHA/WA
100 ## - MAIN ENTRY--AUTHOR NAME
Personal name Shankaranarayan, K A .
245 ## - TITLE STATEMENT
Title Wastelands developments and their utilisations /
260 ## - PUBLICATION, DISTRIBUTION, ETC. (IMPRINT)
Place of publication Jodhpur :
Name of publisher Scientific Publishers ,
Year of publication 1988.
300 ## - PHYSICAL DESCRIPTION
Number of Pages 496 ; .
942 ## - ADDED ENTRY ELEMENTS (KOHA)
Koha item type Books
Holdings
Withdrawn status Lost status Damaged status Home library Current library Date acquired Full call number Accession Number Koha item type
      KAUAET KAUAET 07/04/2012 631.5861 17692 Books
free website counter